00274nam a2200109Ia 4500008004100000082001000041100001800051245002900069260000800098630002900106730002900135100328s9999 xx 000 0 und d b69500 aGhose Vijaya. aLimca Book Records 1997. b--- aLimca Book Records 1997. aLimca Book Records 1997.